Production and operations management / (Record no. 4357)

MARC details
000 -LEADER
fixed length control field 00551 a2200181 4500
010 ## - LCCN (DPL NO)
LC control number ENG-86250
020 ## - INTERNATIONAL STANDARD BOOK NUMBER
International Standard Book Number 9788120332034
Terms of availability 325.00
035 ## - SYSTEM CONTROL NUMBER
System control number EN-69783
037 ## - SOURCE OF ACQUISITION
Source of stock number/acquisition DBAD / PUB
082 14 - DEWEY DECIMAL CLASSIFICATION NUMBER
Classification number 658.5
100 ## - MAIN ENTRY--PERSONAL NAME
Personal name Khanna, R.B.
245 1# - TITLE STATEMENT
Title Production and operations management /
Statement of responsibility, etc by R.B. Khanna
260 ## - PUBLICATION, DISTRIBUTION, ETC. (IMPRINT)
Place of publication, distribution, etc New Delhi
Name of publisher, distributor, etc Prentice-Hall of India
Date of publication, distribution, etc 2007
270 ## - ADDRESS
Address M-97, Connaught Circus
City New Delhi
State or province New Delhi
Postal code 110 001
300 ## - PHYSICAL DESCRIPTION
Extent xiv, 519p.
Dimensions 24cm. (Pbk)
500 ## - GENERAL NOTE
General note Includes index
942 ## - ADDED ENTRY ELEMENTS (KOHA)
Institution code [OBSOLETE] dpl
Item type English Books
Source of classification or shelving scheme Dewey Decimal Classification
Classification part 658.5
Call number suffix KHA
Holdings
Withdrawn status Lost status Not for loan Collection code Home library Current library Source of acquisition Cost, normal purchase price Full call number Barcode Copy number Cost, replacement price Koha item type
    Not For Loan Non-fiction D.B.Act.Division D.B.Act.Division DBAD/PUB 325.00 658.5 KHA EN-69783 1 325.00 English Books

© Delhi Public Library
Hit Counter
free hit counter